Vychovni konstanty dytjačoji literatury: sproba systematyzaciji

Bibliographic Details
Main Author: Chodanyč, Lidija Petrivna, 1961- (Author)
Format: Article
Language:Slovak
Ukrainian
PhysicalDescription:Tab.
ISBN:9788055505350
Subjects:

MARC

LEADER 00000nab a2200000 a 4500
001 vtls010559986
003 SK-MaSNL
005 20260318114751.0
008 131121c2012 xo zr m 100 a0slo
015 |a SNKRA2013/11SVKPO 
038 |a SVKPO 
040 |a SVKPOCL  |b slo  |c SVKPOCL  |e AACR2 
041 0 |a ukr 
044 |a xo  |c SK 
080 |a 82.0  |2 2001 
080 |a 811.161.2  |2 2001 
080 |a 82-93-053.4/.5  |2 2001 
080 |a 37  |2 2001 
080 |a 17.022.1  |2 2001 
080 |a 371.3  |2 2001 
080 |a (048.8)  |2 2001 
100 1 |a Chodanyč, Lidija Petrivna,  |d 1961-  |4 aut  |9 1458489 
245 1 0 |a Vychovni konstanty dytjačoji literatury: sproba systematyzaciji  |c Lidija Petrivna Chodanyč 
300 |a Tab. 
500 |a Rubrika:Jazyková a translatologická sekcia 
504 |a Bibliogr. odkazy 
546 |a Res. angl. 
650 0 7 |a literárna veda  |2 svkpocl  |9 1137 
650 0 7 |a ukrajinčina  |2 svkpocl  |9 1347 
650 0 7 |a literatúra pre deti  |2 svkpocl  |9 55721 
650 0 7 |a výchova  |2 svkpocl  |9 957 
650 0 7 |a Konštanty  |2 svkpocl  |9 1571656 
650 0 7 |a výchovné konštanty  |2 svkpocl  |9 1599319 
650 0 7 |a morálne hodnoty  |2 svkpocl  |9 67897 
650 0 7 |a systematizácia  |2 svkpocl  |9 1450893 
650 0 7 |a vyučovanie  |2 svkpocl  |9 1522 
655 7 |a štúdie  |2 svkpocl  |9 57033 
773 0 |t Jazyk - médiá - text : zborník príspevkov z medzinárodnej vedeckej konferencie, konanej dňa 5. 11. 2010 na pôde Lingvokulturologického a prekladateľsko-tlmočníckeho centra excelentnosti pri Filozofickej fakulte Prešovskej univerzity /d Prešov : Prešovská univerzita v Prešove Filozofická fakulta, 2012  |g S.256-266  |z 9788055505350 
852 |a SVKPO  |b KIS3GCP 
958 |a SK 
958 |a NB 
999 |c 3289062  |d 3290992